Metod rjadov v graničnych zadačach dlja slučajnych bluždanij

Gespeichert in:
Bibliographische Detailangaben
Format: Buch
Sprache:Russisch
Veröffentlicht: Taškent Fan 1987
Ausgabe:1. izd.
Tags: Tag hinzufügen
Keine Tags, Fügen Sie das erste Tag hinzu!

MARC

LEADER 00000nam a2200000 4500
001 c034662
005 20260130075645.7
041 0 |a rus 
044 |a UZ 
245 1 0 |a Metod rjadov v graničnych zadačach dlja slučajnych bluždanij  |c Sagdy Chasanovič Siraždinov, Machamat Uktamovič Gafurov 
250 |a 1. izd. 
264 1 |a Taškent  |b Fan  |c 1987 
300 |a 137 s.